LEADER 01521nam a2200301 u 4500 001 000000092248 003 CaOOAMICUS 005 20070226124922.0 008 060525s2006 gw u000 u ger u 020 $a3-451-02218-4 035 $a11090452 040 $aPUL$bita 245 04$aDie diakonale Dimension der Liturgie :$b[Klemens Richter anlässlich seines 65. Geburstages und seiner Emeritierung] /$chrsg. von Benedikt Kranemann,Thomas Sternberg und Walter Zahner. 260 $aFreiburg im Breisgeu; Basel; Wien :$bHerder,$c2006. 300 $a306 p. ;$c22 cm 490 1 $aQuaestiones disputatae ;$v218 504 $aInclude indice e riferimenti bibliografici. 650 4$aLiturgia.$0(OLS)http://pul/subject/2437 700 1 $aKranemann, Benedikt,$d1959-$0(OLS)http://pul/name/2814 700 1 $aZahner, Walter.$0(OLS)http://pul/name/50507 700 1 $aSternberg, Thomas,$d1952-$0(OLS)http://pul/name/41738 830 0$aQuaestiones disputatae ;$v218.$0(OLS)http://pul/title/4920 850 $aPUL 852 $aPUL$W1$xSL Religione 2$y84$mTheol A6 218$j116047$nBK-PRI$b $qStampati altre collocazioni$B116047$CPULBib$Z2$F116047 $HPUL101571 $81 941 1 $a10 996 $6020$a3-451-02218-4$9(OLS)http://pul/number/121148 996 $6245$aDie diakonale Dimension der Liturgie :$b[Klemens Richter anlässlich seines 65. Geburstages und seiner Emeritierung]$9(OLS)http://pul/title/119071 996 $6260$aFreiburg im Breisgeu; Basel; Wien :$bHerder$9(OLS)http://pul/publisher/79078 LEADER 01428nam a2200325 a 4500 001 000000173496 003 CaOOAMICUS 005 20200527092342.0 008 200527s2020 it u000 u ita r 020 $a978-88-288-0897-8* 032 $aLibriCat 040 $aPUL$bita 082 04$a344.450411 100 1 $aMautone, Pasquale.$0(OLS)http://pul/name/111421 245 10$aResponsabilità sanitaria e risk management /$ca cura di Pasquale Mautone. 260 $aMilano :$bGiuffrè Francis Lefebvre,$cİ2020. 300 $aXXVII, 732 p. ;$c24 cm 490 1 $aTeoria e pratica maior. Civile e processo 504 $aBibliografia in nota. 650 4$aMedici$xResponsabilità$xDiritto.$0(OLS)http://pul/subject/35043 650 4$aSanità$xLegislazione$yItalia.$0(OLS)http://pul/subject/38293 830 0$aTeoria e pratica maior.$pCivile e processo.$0(OLS)http://pul/title/190105 850 $aPUL 852 $aPUL$W1$xSL Diritto e Scienze Sociali 3$y79$m344. 450411 MAUPA 1$j197488$qDDC 21$B202272$CPULBib$Z2$F202272 $H134253 $82 941 1 $a9 996 $6020$a978-88-288-0897-8*$9(OLS)http://pul/number/167496 996 $6082$a344.450411$9(OLS)http://pul/classification/3292 996 $6245$aResponsabilità sanitaria e risk management$9(OLS)http://pul/title/214682 996 $6260$aMilano :$bGiuffrè Francis Lefebvre$9(OLS)http://pul/publisher/86917